Lettres de l'Ecole : la transmission : IXe Congrès de l'Ecole Freudienne /

Memorias del Congreso de la Escuela Freudiana de París, realizado en París en 1978, centrado en la problemática de la transmisión del psicoanálisis, planteada por Jacques Lacan, desde la transmisión oral o escrita, hasta la transmisión de la función del nombre propio, en el plano simbólico que conll...

Description complète

Enregistré dans:
Détails bibliographiques
Collectivité auteur: Congreso de la Escuela Freudiana de París
Format: Actes de congrès Livre
Langue:français
Sujets:
Tags: Ajouter un tag
Pas de tags, Soyez le premier à ajouter un tag!

MARC

LEADER 00000nam^a2200000^a^4500
001 000169731
005 20250521000000.0
009 20260526125610.515
037 |a Acervo ITESO - Biblioteca 
041 |a FRA 
082 |a 150. 1957  |b LAC LET 1978 V. 25 
240 1 1 |a [Lettres de l'Ecole Freudienne] 
245 0 0 |a Lettres de l'Ecole :  |b la transmission : IXe Congrès de l'Ecole Freudienne /  |c Congreso de la Escuela Freudiana de París. 
264 |a París, Francia :  |b Ecole Freudienne de Paris,  |c 1979 
300 |a 2 v. (355, 278 p.) 
336 |a texto  |b txt  |2 rdacontenido 
337 |a sin mediación  |b n  |2 rdamedio 
338 |a volumen  |b nc  |2 rdasoporte 
520 |a Memorias del Congreso de la Escuela Freudiana de París, realizado en París en 1978, centrado en la problemática de la transmisión del psicoanálisis, planteada por Jacques Lacan, desde la transmisión oral o escrita, hasta la transmisión de la función del nombre propio, en el plano simbólico que conlleva a la pregunta esencial que compromete a todo analizante cuando tiene que ser responsable de situarse a partir del sujeto que habita en él. 
649 |a XX 
650 |a Comunicación Personal 
650 |a Papel del Analista 
650 |a Relación Analítica 
650 |a El Nombre del Padre 
650 |a Psicoanálisis -  |x Estudio y Enseñanza 
650 |a Psicoanálisis -  |x Formación Profesional 
650 |a Psicoanálisis Lacaniano -  |x Congresos 
650 |a Psicoanálisis Lacaniano -  |x Publicaciones Periódicas Francesas 
650 |a Escuela Francesa de Psicoanálisis 
650 |a Psicoanálisis Freudiano 
650 |a Psicología Clínica 
650 |a Publicaciones Periódicas Francesas 
711 |a Congreso de la Escuela Freudiana de París (  |n 9o :  |d 1978 :  |c París) 
910 |a Fondo Armando Suárez Gómez 
920 |a Impresos - Libros 
930 |a Fondos Especiales 
905 |a 111 
901 |a 0700007205  |b IT2  |c ESP  |u 20250521 
901 |a 0700007208  |b IT2  |c ESP  |u 20250521 
902 |a https://opac.biblio.iteso.mx/vufind/Record/000169731